000 00977nam a22002297a 4500
005 20100821110411.0
008 100412t xxu||||| |||| 00| 0 ur d
010 _aUR-7818
020 _c50.00
035 _aU-6373
040 _adpl
_bur
082 _a841
100 _915656
_aمحمد مطہرين انجم
245 _aوادئ احساس /
_cمحمد مطہرين انجم
246 _aWadiye Aehsas /
_bby Mohd. Mutahharin Anjum
260 _aکانپور
_bآل انڈیاپونم کلچرل سوسائٹی
270 _aAderson 105/131, Chamanganj
_bKanpur
_k2554917
300 _aص 304
_b22 س م (Pbk)
942 _2ddc
_cUR
_h841
_mم ح م
999 _c42804
_d42804